[Event "Madrid"]
[Site "Madrid"]
[Date "1993.??.??"]
[Round "7"]
[White "Kramnik, Vladimir"]
[Black "Polgar, Judit"]
[Result "1-0"]
[WhiteElo "2685"]
[BlackElo "2595"]
[Annotator "Ftacnik,L"]
[PlyCount "91"]
[EventDate "1993.06.??"]
[EventType "tourn"]
[EventRounds "9"]
[EventCountry "ESP"]
[EventCategory "14"]
[SourceTitle "CBM 036"]
[Source "ChessBase"]
[SourceDate "1993.10.01"]
[SourceVersion "1"]
[SourceVersionDate "1993.10.01"]
[SourceQuality "1"]

1. Nf3 {Ribli} Nf6 2. c4 g6 3. g3 Bg7 4. Bg2 O-O 5. Nc3 d6 6. O-O e5 7. d3 c6
8. Rb1 (8. c5 $6 {Ribli Seret,JL-Lautier,J/Lyon zt/1990/CBM18/}) 8... Re8 9. e4
d5 (9... Bg4 $5 {Ribli} 10. h3 Bxf3 11. Bxf3 Nbd7 12. b4 Nf8 13. Be3 Ne6 14.
Bg2 Nd7 15. Ne2 a6 $13 {Roth-Tringov/Haag1966/}) 10. cxd5 cxd5 11. Bg5 dxe4 12.
dxe4 Nc6 13. Qxd8 Rxd8 (13... Nxd8 14. Bxf6 Bxf6 15. Nd5 Re6 16. Nc7 $18) 14.
Nd5 Rd6 15. Nd2 Nxd5 (15... b5 16. Rfc1 Bb7 17. Nc7 Rad8 18. Nb3 a6 19. Nc5 $16
) 16. exd5 Nd4 17. Nc4 Ra6 18. d6 $1 Rxa2 19. Ra1 Rxa1 20. Rxa1 Be6 (20... a6
21. Nb6 Rb8 22. Nxc8 Rxc8 23. d7 $18) 21. Na5 Rc8 22. Nxb7 Rc2 23. Rxa7 h6 24.
Be3 Rxb2 25. h3 $16 Rb6 26. Kh2 g5 27. Ra8+ Kh7 28. Re8 Kg6 29. Be4+ (29. Rxe6+
fxe6 (29... Nxe6 $4 30. Bxb6 $18) 30. d7 Bf6 31. d8=Q Bxd8 32. Nxd8 $16) 29...
Kf6 30. g4 Ra6 31. Bd3 (31. Bxd4 $1 {Ribli} exd4 32. Bf5 Bxf5 33. gxf5 Kxf5 34.
d7 Bf6 35. d8=Q Bxd8 36. Rxd8 $16) 31... Rc6 32. Be4 Rc8 (32... Ra6 33. Bxd4
exd4 34. Bf5 $1 (34. Rxe6+ Kxe6 35. Nc5+ Ke5 36. Nxa6 Kxe4 37. d7 Bf6 $13)
34... Bxf5 35. gxf5 Kxf5 36. d7 Bf6 37. d8=Q Bxd8 38. Rxd8 $18) 33. Rxc8 Bxc8
34. Nc5 Be6 35. Bd2 Nb3 (35... Bf8 36. d7 Ke7 (36... Be7 37. Ba5) 37. Bb4 $1
Bxd7 38. Nxd7+ Kxd7 39. Bxf8 $18) 36. Nxb3 Bxb3 37. d7 Ke7 38. Bc6 Bf6 (38...
Be6 39. Bb4+ Kd8 40. Ba5+ $18) 39. Ba5 Kd6 40. Bb5 Bc2 (40... Kc5 41. Be2) 41.
d8=Q+ Bxd8 42. Bxd8 f5 43. gxf5 Bxf5 44. Bf6 Ke6 45. Bg7 h5 46. Bc4+ (46. Bc4+
Kd6 47. Bf7 h4 48. Bf6 $18) 1-0

[Event "Madrid"]
[Site "Madrid"]
[Date "1993.??.??"]
[Round "8"]
[White "Illescas Cordoba, Miguel"]
[Black "Kramnik, Vladimir"]
[Result "1/2-1/2"]
[WhiteElo "2615"]
[BlackElo "2685"]
[Annotator "Ftacnik,L"]
[PlyCount "78"]
[EventDate "1993.06.??"]
[EventType "tourn"]
[EventRounds "9"]
[EventCountry "ESP"]
[EventCategory "14"]
[SourceTitle "CBM 036"]
[Source "ChessBase"]
[SourceDate "1993.10.01"]
[SourceVersion "1"]
[SourceVersionDate "1993.10.01"]
[SourceQuality "1"]

1. Nf3 d5 2. d4 c6 3. c4 Nf6 4. Nc3 e6 5. e3 Nbd7 6. Bd3 dxc4 7. Bxc4 b5 8. Bd3
Bb7 9. e4 b4 10. Na4 c5 11. e5 Nd5 12. O-O cxd4 13. Re1 g6 14. Bg5 Qa5 15. Nxd4
$5 a6 (15... Bg7 $2 16. Bb5 a6 17. Bxd7+ Kxd7 18. Nb3 $1 $16 (18. Nb3 Qb5 19.
Nd4 Qa5 20. Nb3 Qb5 21. Nac5+ Ke8 22. Rc1 Bc8 23. Ne4 Bxe5 24. Rc5 Qb8 25. Rxd5
exd5 26. Nf6+ $16 {Marjanovic,S-Karaklajic,N/JUG-ch/1977/1-0 (30)})) (15... Rc8
16. a3 Be7 17. Bh6 a6 18. Qb3 Qd8 19. Nf3 g5 20. Be4 g4 21. Nd2 Rg8 22. Nc4
Rxc4 23. Qxc4 Nxe5 24. Qe2 Bd6 25. Bd2 Nf3+ 26. Bxf3 $17 {Belov-Kaidanov/
Moskva II (3)/1987/0-1 (30)}) 16. a3 $1 (16. Rc1 Bg7 17. Nc6 Bxc6 18. Rxc6 O-O
19. Bc4 h6 (19... N5b6 20. Nxb6 Nxb6 21. Bb3 Rfc8 22. Rxc8+ Rxc8 23. Qd4 Qb5
24. h4 Nd7 25. Bf6 Bf8 26. Rd1 $10 {Piket,J-Anand,V/Dortmund (9)/1992/0.5 (31)}
) 20. Bxd5 Qxd5 21. Qxd5 exd5 22. Bf6 Nxe5 23. Bxe5 Rae8 24. f4 f6 25. Nb6 fxe5
26. Nxd5 $10 {Piket,Je-Kramnik,V/Amstedam VSB (2)/1993/0.5 (31)}) 16... bxa3 (
16... Bg7 $5 17. axb4 $1 (17. Nf3 O-O 18. Bd2 Qc7 19. Qe2 Bc6 $1 20. axb4 Rfb8
21. Rec1 $2 Nxb4 $1 22. Nd4 Nxd3 23. Qxd3 Nxe5 24. Qc2 Qd6 $1 $19 {Sakaev,
K-Galliamova,A/USSR/1989/}) 17... Nxb4 (17... Qxb4 18. Re4 $1) 18. Bc4 $1 $16)
17. bxa3 Bg7 18. Bd2 Qd8 $1 19. Rb1 (19. Nf3 O-O 20. Rc1 Rc8 21. Qe2 Rxc1 22.
Rxc1 {0,5/Vaganian,R-Kramnik,V/Moscow4/1991/}) 19... Rb8 20. Rxb7 $1 Rxb7 21.
Bxa6 Qa8 22. Bxb7 Qxb7 23. Bb4 $1 (23. Nc3 O-O 24. Nf3 Ra8 25. Qa1 N5b6 $1 $10
{Dorfman,I-Novikov,I/Lvov/1988/}) 23... Nxb4 (23... Bxe5 $2 24. Nc5 $1 Bxh2+ (
24... Nxc5 25. Rxe5 Nxb4 26. axb4 Qxb4 27. Nc6 Qb6 28. Rxc5 $18) 25. Kh1 $1 (
25. Kxh2 Nxc5 26. Bxc5 Qc7+) 25... Nxc5 26. Bxc5) 24. axb4 Qxb4 $1 (24... O-O
25. Nf3 $1 (25. Nc5 Nxc5 26. bxc5 Qc7 27. c6 Bxe5 28. Nf3 $14)) 25. Nc6 Qb7 26.
Qd6 Bf8 27. Nc5 $1 Bxd6 (27... Qc8 28. Ne4 $1 Qa8 29. Qc7 $1 $18) 28. Nxb7 Bc7
(28... Be7 $2 29. Ra1 $1 $18) 29. Nd6+ (29. Rd1 $2 Nxe5 30. Nxe5 Bxe5 $19) (29.
Rc1 $2 Nxe5 30. Nb8 O-O $1 $19) 29... Kf8 $1 (29... Bxd6 $6 30. exd6 O-O 31.
Ra1 Nb8 $1 (31... Nf6 32. Ra7 $18) 32. Na7 Rd8 33. Nb5 Nd7 34. f3 Rb8 35. Nc7
$14 {Pinter,J-Kaidanov,G/Budapest/1989/}) 30. Ra1 (30. Rd1 $5 Bxd6 $1 (30...
Kg7 $2 31. Nxf7 $1 $18) (30... Nc5 31. Ra1 $14) 31. exd6 (31. Rxd6 Nc5) 31...
Kg7 32. Ra1 Rc8 $10) 30... Nxe5 $1 31. Ra8+ (31. Nxe5 Bxd6 32. Ra8+ Kg7 33.
Rxh8 Bxe5 $1 34. Ra8 h5 $1 $10) 31... Kg7 32. Rxh8 Nxc6 (32... Kxh8 $2 33. Nxe5
Bxd6 34. Nxf7+ $18) (32... Bxd6 33. Rd8 Bc7 34. Rc8 Bd6 35. Nxe5 Bxe5 36. g4
$10) 33. Rc8 Bxd6 34. Rxc6 Bf4 35. g4 f5 36. h3 fxg4 37. hxg4 Kf6 38. Kg2 h5
39. Kf3 Bb8 1/2-1/2

[Event "Interzonal-16"]
[Site "Biel"]
[Date "1993.??.??"]
[Round "4"]
[White "Kramnik, Vladimir"]
[Black "Gurevich, Ilya"]
[Result "1-0"]
[WhiteElo "2710"]
[BlackElo "2575"]
[Annotator "Ribli,Z"]
[PlyCount "59"]
[EventDate "1993.07.16"]
[EventType "swiss"]
[EventRounds "13"]
[EventCountry "SUI"]
[SourceTitle "CBM 037"]
[Source "ChessBase"]
[SourceDate "1993.12.01"]
[SourceVersion "1"]
[SourceVersionDate "1993.12.01"]
[SourceQuality "1"]

1. Nf3 Nf6 2. c4 g6 3. Nc3 d5 4. cxd5 Nxd5 5. Qa4+ Bd7 6. Qh4 Bc6 7. Qd4 f6 8.
e3 Bg7 (8... e5 $2 9. Nxe5 $1 $16 {Vaganian,R-Kouatly,B/Marseille/1987/}) 9.
Be2 e5 (9... Qd6 $6 10. Ne4 $14 {Morovic,F-Kortschnoj,V/Vina del Mar/1988/
INF46,(16)/}) 10. Qc4 Qd6 (10... Nb6 $6 11. Qb3 $14 {Cifuentes-Leko/Wijk op/
1993/CBM34/INF56,(20)/}) 11. O-O Nd7 12. d4 f5 13. Qb3 $1 e4 (13... O-O-O 14.
a4 $1 $16 {Chekhov-Lputian/Harkov/1985/}) (13... O-O-O $2) (13... exd4 $1 14.
Nxd4 Bxd4 15. exd4 O-O-O $13) 14. Nd2 a5 (14... h5 15. Nc4 Qe6 16. Na5 $14) (
14... O-O 15. Nc4 Qe6 16. Na5 $16) (14... N7b6 15. Nc4 (15. a4 $5) 15... Nxc4
16. Bxc4 O-O-O 17. Bd2 $36) 15. a4 h5 (15... O-O 16. Nb5 Qe6 17. Bc4 Rfc8 18.
f3 $1 $16 {/\} N7b6 19. Nxc7 $1 Rxc7 20. Qxb6) (15... N7b6 16. Nc4 Nxc4 (16...
Qb4 17. Qa2 $16) 17. Bxc4 Rd8 18. Bd2 $16) 16. Nb5 Qe7 (16... Qe6 $2 17. Qxd5
$1 $16) 17. Nc4 (17. Qxd5 $6 Bxd5 18. Nxc7+ Kf8 19. Nxd5 $44) 17... Nf8 (17...
O-O 18. Bd2 b6 19. Rfc1 Bb7 20. Nxa5 bxa5 21. Rxc7 $18) (17... h4 18. Bd2 h3
19. g3) 18. Bd2 Ne6 19. Nxa5 Rxa5 (19... f4 20. Bc4 $1 $16 (20. Nxc6 bxc6 21.
Nc3 f3 22. gxf3 $18) 20... Rxa5 21. Bxd5 Bxd5 22. Qxd5 $18) 20. Bxa5 f4 21. Bc4
$1 f3 (21... Qg5 22. exf4 Ndxf4 23. Qg3 $18) 22. Bxd5 Qg5 23. Bxc6+ Ke7 24. g3
bxc6 (24... Qg4 25. Bb4+ Kf6 26. Bd7 Re8 $5 27. Bxe6 Rxe6 28. Nxc7) 25. Nxc7
Nd8 (25... Nxc7 26. Bxc7 Qg4 27. Kh1) 26. Qb4+ Kd7 (26... Kf7 27. Qc4+) 27. d5
$1 Qg4 28. dxc6+ Nxc6 29. Rfd1+ Kc8 30. Qb6 1-0

[Event "Interzonal-16"]
[Site "Biel"]
[Date "1993.??.??"]
[Round "5"]
[White "Arencibia Rodriguez, Walter"]
[Black "Kramnik, Vladimir"]
[Result "0-1"]
[WhiteElo "2485"]
[BlackElo "2710"]
[Annotator "Blatny,P"]
[PlyCount "52"]
[EventDate "1993.07.16"]
[EventType "swiss"]
[EventRounds "13"]
[EventCountry "SUI"]
[SourceTitle "CBM 037"]
[Source "ChessBase"]
[SourceDate "1993.12.01"]
[SourceVersion "1"]
[SourceVersionDate "1993.12.01"]
[SourceQuality "1"]

1. e4 {Wedberg} c5 2. d3 Nc6 3. g3 d5 4. Nd2 Nf6 5. Bg2 e5 6. exd5 Nxd5 7. Ngf3
g6 8. O-O Bg7 9. Nc4 O-O 10. Re1 Re8 11. Ng5 Rf8 (11... h6 {Wedberg} 12. Qf3
Nf6 13. Ne4 Nxe4 14. dxe4 Nd4 15. Qd1 {+/= /\ c3, Ne3-d5}) 12. c3 (12. Nf3 $142
Re8 (12... Bg4 $2 13. h3 Bxf3 14. Qxf3 $14) (12... f6 $5 13. Ne3 Be6 {=/=/+ ()}
) 13. Ng5 Rf8 $10 (13... f5 $5)) 12... h6 13. Ne4 b6 14. a4 Be6 15. h4 (15. a5
f5 16. Qa4 fxe4 $1 (16... Qd7 17. Ned6 $13) 17. Qxc6 Qf6 $40 18. Rxe4 $140 $2
Qxf2+ 19. Kh1 Bh3 $3 20. Qxd5+ Kh7 21. Bxh3 Qf3+ {/\Qd1#}) 15... Qe7 16. a5 f5
17. Qa4 $2 (17. Ned2 $142 b5 18. Ne3 Rad8 $15) 17... fxe4 18. Qxc6 Rac8 $1 19.
Qd6 Qf6 20. Rxe4 (20. axb6 axb6 21. f4 exf3 22. Bxf3 Qxf3 23. Qxe6+ Kh8 24. Be3
Qxg3+ $19) 20... Rcd8 (20... Rfd8 $2 {Wedberg} 21. Qxe5) 21. Qc6 Ne7 $1 22. Qa4
Qxf2+ 23. Kh1 (23. Kh2 Nf5 24. Ne3 Rxd3 $1 $19) 23... Qxg3 $19 24. Be3 Nf5 25.
Rg1 Nxh4 26. Nxe5 $2 (26. Nd2 Bd5 27. Rxh4 Qxe3 28. Bxd5+ Rxd5 $19) 26... b5 (
26... b5 27. Qxb5 Bxe5 $19) (26... Bxe5 27. Rxh4 Rd4 $1 $19) 0-1

[Event "Interzonal-16"]
[Site "Biel"]
[Date "1993.??.??"]
[Round "8"]
[White "Kramnik, Vladimir"]
[Black "Adams, Michael"]
[Result "0-1"]
[WhiteElo "2710"]
[BlackElo "2630"]
[Annotator "Ambroz,J"]
[PlyCount "94"]
[EventDate "1993.07.16"]
[EventType "swiss"]
[EventRounds "13"]
[EventCountry "SUI"]
[SourceTitle "CBM 037"]
[Source "ChessBase"]
[SourceDate "1993.12.01"]
[SourceVersion "1"]
[SourceVersionDate "1993.12.01"]
[SourceQuality "1"]

1. Nf3 Nf6 2. c4 b6 3. g3 c5 4. Bg2 Bb7 5. O-O g6 6. Nc3 Bg7 7. d4 cxd4 8. Qxd4
O-O (8... Nc6 9. Qf4 Rc8 10. Bd2 $5) 9. Qh4 d6 10. Bh6 (10. Bg5 Nbd7 {/\ a6,
Rc8-c5=}) 10... Nbd7 11. b3 (11. Rfd1 Rc8 12. Rd4 $5 Bxf3 13. Bxf3 Ne5 14. Rad1
Nxf3+ 15. exf3 Rc5 $10 {Xi Jun-Antonio, Beijing 1992}) 11... Rc8 12. Bxg7 (12.
Rfd1 Rc5 13. Bxg7 Kxg7 14. Qd4 Qa8 $1 {/^ a1-h8} (14... Kg8 15. Ne1 Bxg2 16.
Nxg2 Ne5 17. Ne3 Re8 18. f3 $14 {Wojtkiewicz-Mascarinas, Manila 1991}) 15. Ne1
Bxg2 $5 (15... a6 16. e4 (16. Bh3 $5 {Dizdarevic-Rajkovic, Ptuj 1991}) 16... b5
17. Nd3 Rcc8 18. cxb5 axb5 19. Qb4 $1 $14 {Ljubojevic-Rechlis, Manila 1990})
16. Nxg2 Kg8 $10) (12. Bh3 $5 {Dizdar-Patrat, Nimes 1991}) 12... Kxg7 13. Qd4
Kg8 14. Rac1 $5 {/\ Nc3-d5} Rc5 $1 15. b4 (15. Rfd1 $5 {/\ Nf3-e1-g2-e3}) 15...
Rc8 (15... Rh5 16. Ne1 $5 (16. h3 $5) 16... Qa8 17. Bxb7 Qxb7 18. Ng2 Ne5 19.
Nf4 Rf5 (19... Nf3+ $2 20. exf3 e5 21. Qxd6 Ne8 22. Qd5 $18) 20. Nfd5 Rc8 21.
Nxf6+ Rxf6 22. Nd5 $16) 16. a3 (16. Nd5 $5 Re8 17. Qd3 $5 e6 18. Nxf6+ (18. Nc3
Bxf3 $5 {/\ Ne5}) 18... Nxf6 19. Rfd1 Re7 $5 $13 (19... Ne4 20. Nd2 $1 $16 (20.
Nd4 f5 21. f3 Nf6 22. Nb3 (22. Nb5 d5 23. Nxa7 Ra8 24. Nb5 Rxa2) 22... d5 $13)
20... Nxd2 $2 21. Bxb7 $18)) 16... Re8 17. e4 Qc7 18. Nd5 Qb8 $1 (18... Nxd5
19. exd5 (19. cxd5 Qxc1 20. Rxc1 Rxc1+ 21. Bf1 Ba6 22. Nd2 Rec8 $36)) 19. Bh3
Rcd8 20. Nd2 (20. a4 $5 {/\ a4-a5}) 20... Ba8 21. Bg2 a6 22. Nb3 Rc8 23. f4
Rcd8 24. Kh1 Nh5 $1 25. g4 $6 (25. f5 $142 e6 $1 (25... e5 $6 26. Qd3 $1 (26.
fxe6 Rxe6 $5 $132) 26... a5 $5 27. Nd2) 26. fxg6 fxg6 27. g4 $5 Ng7 (27... exd5
28. gxh5 dxe4 29. hxg6 hxg6 30. Rc3 $40) 28. Nf6+ Nxf6 29. Rxf6 Rf8 $10) 25...
Nxf4 $1 26. Nxf4 (26. Nxe7+ $5 Rxe7 27. Rxf4 Ne5 28. g5 Rde8 29. Nd2 {/\ Nf1-e3
}) 26... e5 27. Qf2 exf4 28. Qxf4 Ne5 29. Rc3 Qc7 $1 30. Nd2 (30. Rh3 Qe7 $5
31. Qh6 f6) 30... Qe7 31. g5 Rc8 32. Rfc1 b5 $1 $36 33. h4 (33. c5 dxc5 34.
bxc5 (34. Rxc5 Nd3) 34... Red8 $17) 33... Bb7 34. Kh2 (34. cxb5 $142) 34... Rc6
35. cxb5 axb5 36. Bf1 $6 (36. Rxc6 $1 $15 Nxc6 (36... Bxc6 37. Qg3 $5) 37. Nf1
$5 Nd4 38. Rd1) 36... Rec8 $1 $17 37. Rxc6 Rxc6 38. Rxc6 Bxc6 39. Nb3 Qa7 $1
40. Na5 Bd7 41. Be2 Qd4 42. Kg2 Qb2 43. Qf2 (43. Qe3 Bg4) 43... Qxa3 44. Qf6
Qh3+ 45. Kf2 Qxh4+ 46. Ke3 h5 $1 47. Nb7 Qe1 0-1

[Event "Interzonal-16"]
[Site "Biel"]
[Date "1993.??.??"]
[Round "10"]
[White "Kramnik, Vladimir"]
[Black "Huebner, Robert"]
[Result "1-0"]
[WhiteElo "2710"]
[BlackElo "2605"]
[Annotator "Huebner,R"]
[PlyCount "97"]
[EventDate "1993.07.16"]
[EventType "swiss"]
[EventRounds "13"]
[EventCountry "SUI"]
[SourceTitle "CBM 037"]
[Source "ChessBase"]
[SourceDate "1993.12.01"]
[SourceVersion "1"]
[SourceVersionDate "1993.12.01"]
[SourceQuality "1"]

1. Nf3 d5 2. d4 c6 3. c4 dxc4 4. e3 b5 5. a4 e6 6. axb5 cxb5 7. b3 Nf6 $6 8.
bxc4 bxc4 9. Bxc4 Be7 $6 (9... Bb4+ 10. Bd2 Bxd2+ 11. Nbxd2 O-O 12. O-O $16)
10. Ne5 O-O (10... Bb7 11. Bb5+ Nbd7 12. Qa4 $18) 11. Qf3 Nd5 12. Nc3 Bb4 (
12... Bb7 13. Rb1) 13. Bd2 Bb7 (13... Bxc3 14. Bxc3 Bb7 (14... f6 15. Nd3 {
/\ Nf4, /\ Nc5, /\ Bd2, e4+-}) 15. Bb4 Nxb4 16. Qxb7 Nc2+ 17. Ke2 Nxa1 18. Rxa1
$18) 14. Nxd5 Bxd2+ 15. Kxd2 Bxd5 (15... exd5 16. Rhb1 $18) 16. Bxd5 exd5 17.
Rhb1 (17. Rhc1 $5 a5 (17... Nd7 18. Nc6 Qf6 19. Qxf6 Nxf6 20. Nxa7) (17... f6
18. Nd3) 18. Rc5 Qb6 19. Nd3) 17... Nd7 18. Qxd5 $6 (18. Nc6 $5 Qe8 (18... Qf6
19. Qxf6 Nxf6 20. Rb7 $18) 19. Qxd5 (19. Rb7 Nf6 20. Ne7+ Kh8 $13 {/\} 21. Nxd5
Ne4+ {/\ Qc6}) 19... Nf6 20. Qc4 (20. Qf3 Ne4+ 21. Kd3 Nxf2+) (20. Qb5 Ne4+ 21.
Ke1 Nc3) 20... Ng4 (20... Qe4 21. f3 Qh4 22. h3) 21. Ke2 Qe4 22. h3 Rac8 23.
Rc1 Nxe3 24. fxe3 Qxg2+ 25. Kd3 Qg6+ 26. Kd2 $18) 18... Nxe5 19. Qxe5 a5 20.
Ke2 (20. Ra4 $5) 20... Re8 21. Qf4 (21. Qc5 Rc8 22. Qxa5 (22. Qb6 Rc2+ {/\ Qh4}
) 22... Qxd4 $10) 21... a4 22. Kf1 (22. Ra3 $2 Qe7 23. Rba1 Qb4 $10) 22... a3
23. Rb7 Re7 (23... Qd5 24. Qf3 Qc4+ 25. Qe2 Qc3 26. Qa2 $18) 24. Rb3 (24. Rxe7
$2 Qxe7 $10) 24... Rea7 (24... a2 25. Rxa2 Rxa2 26. Rb8 $18) 25. Ra2 g6 (25...
Qc8 26. Qe4 Qc4+ 27. Qd3 Qc1+ 28. Ke2 $16) 26. Qe4 h5 27. g3 Qd6 28. h4 Ra4 29.
Qd3 R8a5 30. Kg1 Ra7 31. Qb5 Kg7 32. Qe8 Ra8 33. Qe4 R8a7 34. Rc3 Qb4 $2 (34...
Rc7) 35. Rc8 Re7 36. Qc2 Rb7 (36... Rea7 37. Qc5 $18) 37. Kg2 (37. Qc5 Qxc5 (
37... Qb1+ 38. Kg2 Qxa2 39. Qf8+ Kf6 40. Qh8+ Ke6 (40... Ke7 41. Qe8+ Kd6 42.
Qc6+ Ke7 43. Re8#) 41. Qe5+ Kd7 42. Qe8+ $18) 38. Rxc5 Rb2 39. Ra1 $8 a2 $10) (
37. Kh2 $5) 37... Ra6 38. Qc3 Qe7 39. d5+ $6 (39. Qc5 Qxc5 40. Rxc5 Rb2 41.
Rxb2 axb2 42. Rb5 Ra2 43. Kf3 $18) 39... f6 40. Qc4 Rba7 41. Kh2 Qe5 (41... Qd6
$5) 42. e4 (42. f4 Qd6 (42... Qxe3 $2 43. d6 $18)) 42... g5 $5 (42... Ra4 $2
43. Qc5 Re7 (43... g5 44. Qf8+ Kg6 45. Re8 $18) 44. Rxa3 Rxa3 45. Qxa3 Qxe4 46.
Qa8 $18) (42... Qd6 43. Qb5 {/\ Qe8+/-} (43. Re8 Qd7 (43... Rc7 44. Qb3) 44.
Qc8 Qxc8 45. Rxc8 Re7 46. Rc4 f5 47. exf5 (47. f3 fxe4 48. fxe4 Kf6 $10) 47...
gxf5 48. Kg2 Rd7 $132)) 43. d6 $6 (43. hxg5 fxg5 44. Qb4 $16 (44. Qc3 Qxc3 45.
Rxc3 g4 (45... Kf6 46. f4 h4 47. fxg5+ Kxg5 48. gxh4+ Kxh4 49. e5) 46. e5 (46.
Kg2 Kf6 47. f4 gxf3+ 48. Kxf3 Ke5 $10) (46. f4 gxf3 47. Rxf3 Re7 $10) 46... Ra5
47. Rd3 Rd7 48. d6 (48. Raxa3 Rxa3 49. Rxa3 Rxd5 $10) 48... Rxe5 49. Raxa3 Kf6
$10)) 43... Qxd6 44. Qg8+ Kh6 45. Rd8 Qb4 $2 (45... Qe7 $2 46. hxg5+ fxg5 47.
Qh8+ Qh7 48. Rxa3 Qxh8 49. Rxh8+ Kg6 50. Rg8+ Kh6 (50... Kf6 51. Rf3+) 51.
Rxa6+ Rxa6 52. f4 $18) (45... Qe6 $6 46. hxg5+ fxg5 47. Qh8+ Rh7 48. Qf8+ Rg7 (
48... Kg6 $2 49. Rxa3 Rxa3 50. Rd6 Ra6 51. Qf5+ $18) 49. Rxa3 Rxa3 50. Rd6 (50.
Qxa3 Qxe4 $10) 50... Ra6 51. Rxe6+ Rxe6 52. f4 gxf4 53. gxf4 $16 {/\} Rxe4 $2
54. Qf6+ Rg6 55. Qh8#) (45... Qc5 {><f2} 46. hxg5+ (46. Rad2 gxh4 $13 {/\} (
46... a2 $2 47. Rxa2 Rxa2 48. Qh8+ Kg6 49. Rg8+ Kf7 50. Qg7+ Ke6 51. Re8+ Re7 (
51... Qe7 52. Rxe7+ Rxe7 53. Qg8+ Rf7 54. Qe8+ Re7 55. Qc6+ $18) 52. Qg8+ Kd6 (
52... Ke5 53. Rxe7+ Qxe7 54. Qd5#) 53. Rd8+ Kc6 (53... Rd7 54. Qf8+ Kc6 55.
Rc8+ $18) 54. Qxa2 $18) 47. R8d5 hxg3+ 48. fxg3 Qc7) 46... fxg5 47. Rad2 Rg6 (
47... Rg7 $2 48. Qh8+ Rh7 (48... Kg6 49. f4 $18) 49. R2d6+ Rxd6 50. Qf8+ $18)
48. Qh8+ (48. R2d6 Qxd6 49. Rxd6 Rxd6 50. Qf8+ Kh7 51. Qxd6 a2) 48... Rh7 49.
Qa1 $14) 46. hxg5+ fxg5 47. Rad2 $18 Rg6 (47... a2 48. R2d7) (47... Rg7 48.
Qh8+ Rh7 (48... Kg6 49. R2d7) 49. R2d6+ Rxd6 50. Qf8+ Rg7 51. Rxd6+) (47...
Qxd2 48. Rxd2 a2 49. Qh8+ Kg6 50. Qa1) 48. Qh8+ Rh7 49. R2d7 1-0

[Event "WchT 3rd"]
[Site "Luzern"]
[Date "1993.??.??"]
[Round "6.1"]
[White "Serper, Grigory"]
[Black "Kramnik, Vladimir"]
[Result "1/2-1/2"]
[WhiteElo "2575"]
[BlackElo "2710"]
[Annotator "Serper,G"]
[PlyCount "52"]
[EventDate "1993.10.24"]
[EventType "team-tourn"]
[EventRounds "9"]
[EventCountry "SUI"]
[SourceTitle "CBM 039"]
[Source "ChessBase"]
[SourceDate "1994.04.01"]
[SourceVersion "1"]
[SourceVersionDate "1994.04.01"]
[SourceQuality "1"]
[WhiteTeam "Uzbekistan"]
[BlackTeam "Russia"]
[WhiteTeamCountry "UZB"]
[BlackTeamCountry "RUS"]

1. d4 d5 2. Nf3 c6 3. c4 Nf6 4. Nc3 e6 5. e3 Nbd7 6. Bd3 dxc4 7. Bxc4 b5 8. Bd3
Bb7 9. a3 b4 10. Ne4 a5 11. O-O Nxe4 12. Bxe4 Nf6 13. Bd3 Be7 14. Qe2 $146 O-O
15. e4 c5 16. dxc5 Nd7 $1 (16... Bxc5 $6 17. e5 Bxf3 (17... Nd5 $2 18. Bxh7+
$18) (17... Nd7 18. Ng5 $5 $36 (18. Bxh7+ $6 Kxh7 19. Ng5+ Kg6 20. Qc2+ f5 21.
exf6+ Kxf6 $13)) 18. Qxf3 $14 {^^}) 17. c6 $5 Bxc6 18. Be3 Bb7 19. Rfc1 Qb8 (
19... Bd6 $5 20. axb4 $140 axb4 21. Rxa8 Qxa8 $15) 20. axb4 axb4 21. Rxa8 Bxa8
(21... Qxa8 $2 22. Rc7) 22. Qc2 Rd8 (22... Bd6 $5 23. e5 $140 $6 Nxe5 24. Bxh7+
Kh8 $17) 23. h3 $1 (23. Qc7 $2 Qxc7 24. Rxc7 Nf6 $1 25. Rxe7 (25. Be2 Bd6)
25... Rxd3 {/\ Be4}) 23... h6 24. Qc7 Qxc7 25. Rxc7 Bd6 (25... Nf6 26. Rxe7
Rxd3 27. e5 Bxf3 28. exf6 $10) 26. Rc4 Ne5 (26... Bb7 $5) (26... Ne5 27. Nxe5
Bxe5 28. Be2 Bxb2 29. Rxb4 $10) 1/2-1/2

[Event "Alcobendas m"]
[Site "Alcobendas"]
[Date "1993.??.??"]
[Round "2"]
[White "Kramnik, Vladimir"]
[Black "Illescas Cordoba, Miguel"]
[Result "1-0"]
[WhiteElo "2710"]
[BlackElo "2625"]
[Annotator "Kortschnoj,V"]
[PlyCount "95"]
[EventDate "1993.11.??"]
[EventType "match"]
[EventRounds "6"]
[EventCountry "ESP"]
[SourceTitle "CBM 039"]
[Source "ChessBase"]
[SourceDate "1994.04.01"]
[SourceVersion "1"]
[SourceVersionDate "1994.04.01"]
[SourceQuality "1"]

1. d4 d5 2. Nf3 Nf6 3. c4 c6 4. Nc3 e6 5. Bg5 h6 6. Bxf6 Qxf6 7. e3 Nd7 8. Bd3
Qd8 (8... Bd6) 9. O-O Be7 10. a3 O-O 11. Rc1 a6 12. e4 dxc4 13. Bxc4 b5 14. Ba2
c5 15. d5 $14 c4 (15... Nb6 16. Ne5 $14) 16. e5 $1 exd5 (16... Bb7 17. Bb1 $1
$36) 17. Qxd5 Rb8 18. e6 fxe6 $2 (18... Nf6 $1 19. Qxd8 Bxd8 $10) 19. Qxe6+ Kh8
20. Rcd1 $1 $16 Rxf3 $6 (20... Rb6 $5) 21. gxf3 Rb6 22. Qf7 Rf6 23. Qh5 Qf8 24.
Bb1 g6 25. Qd5 Nc5 26. Rfe1 Kh7 27. Qe5 Ne6 28. Nd5 Rxf3 29. Qh5 $1 $18 Rd3 30.
Rxd3 gxh5 31. Rf3+ Kg7 32. Rxf8 Bxf8 33. Bf5 Kf7 34. Nb6 Nd4 35. Bxc8 Nf3+ 36.
Kf1 Nxe1 37. Kxe1 Bg7 38. Bxa6 Bxb2 39. Bxb5 c3 40. Kd1 Bxa3 41. Na4 Bd6 42. h3
Be5 43. Kc2 Bd4 44. f3 Kf6 45. Nxc3 Kg5 46. Ne2 Be5 47. Kd3 Kh4 48. Bd7 1-0

[Event "Alcobendas m"]
[Site "Alcobendas"]
[Date "1993.??.??"]
[Round "5"]
[White "Illescas Cordoba, Miguel"]
[Black "Kramnik, Vladimir"]
[Result "1/2-1/2"]
[WhiteElo "2625"]
[BlackElo "2710"]
[Annotator "Ftacnik,L"]
[PlyCount "119"]
[EventDate "1993.11.??"]
[EventType "match"]
[EventRounds "6"]
[EventCountry "ESP"]
[SourceTitle "CBM 039"]
[Source "ChessBase"]
[SourceDate "1994.04.01"]
[SourceVersion "1"]
[SourceVersionDate "1994.04.01"]
[SourceQuality "1"]

1. e4 c5 2. Nf3 Nc6 3. Bb5 g6 4. Bxc6 bxc6 5. O-O Bg7 6. Re1 Nh6 7. c3 O-O 8.
d4 cxd4 9. cxd4 d6 10. Nc3 f6 11. b3 Nf7 12. Bb2 Qa5 13. Qc2 (13. Nd2 Be6 14.
Qe2 Rac8 15. Nc4 Qa6) 13... Bd7 14. Nd2 Rac8 15. Nc4 Qa6 16. Rad1 Be6 17. Ne3
Bh6 18. Qb1 $1 Rfe8 19. d5 cxd5 20. Ncxd5 Kf8 21. f4 Nd8 22. f5 Bf7 23. Nc4 Bg7
24. Qa1 Kg8 25. Nxf6+ $5 Bxf6 26. Bxf6 Bxc4 (26... exf6 27. Nxd6 Rb8 28. Nxe8
Bxe8 29. e5 $16) 27. Bh8 e5 28. fxe6 Nxe6 29. bxc4 Rf8 30. e5 $1 dxe5 (30...
Kxh8 31. exd6+ Ng7 32. Re7 $18) 31. Rxe5 Rf7 32. Rde1 Nf8 33. c5 Qc4 34. Rc1
Qb4 35. h3 Qd2 36. Ree1 $2 (36. c6 $1 $16) 36... Rxc5 37. Rxc5 Qf2+ 38. Kh1
Qxc5 39. Bd4 Qc2 40. a3 h5 41. Bg1 Qf5 42. Qa2 Kg7 43. Qb2+ Kh7 44. Re5 Qd3 45.
Re8 g5 46. Qe5 Qf5 47. Qxf5+ Rxf5 48. Re7+ (48. Bxa7 Ra5 $10) 48... Kg6 49.
Rxa7 Ne6 50. Ra6 Re5 51. a4 Kf5 52. Rb6 Re1 53. Rb5+ Kg6 54. Rb6 Kf5 55. Rb5+
Kg6 56. a5 Nf4 57. Rb6+ Kf5 58. Rb5+ Kg6 59. Rb6+ Kf5 60. Rb5+ 1/2-1/2